[Event "Florianopolis op 10th"]
[Site "Florianopolis"]
[Date "2024.01.22"]
[Round "3"]
[White "De Siqueira, Luigy Lira"]
[Black "Souza dos Santos, Matheus Garcett"]
[Result "1-0"]
[WhiteElo "2230"]
[BlackElo "2024"]
[PlyCount "67"]
[EventDate "2024.01.20"]
[EventType "swiss"]
[EventRounds "10"]
[EventCountry "BRA"]
[SourceTitle "CB05_2024"]
[SourceDate "2024.01.31"]
[SourceVersion "1"]
[SourceVersionDate "2024.01.31"]
[SourceQuality "1"]

1. e4 c5 2. Nf3 d6 3. Bb5+ Nd7 4. d4 cxd4 5. Qxd4 Ngf6 6. Nc3 g6 7. Bg5 Bg7 8. 0-0-0 0-0 9. e5 dxe5 10. Nxe5 Qc7 11. Nxd7 Nxd7 12. Nd5 Qe5 13. Qxe5 Nxe5 14. Bxe7 Bf5 15. Bxf8 Kxf8 16. Rhe1 a6 17. Nb6 Rb8 18. Bd7 Nxd7 19. Nxd7+ Bxd7 20. Rxd7 Bf6 21. g3 Kg7 22. c3 b5 23. Rd6 a5 24. Kc2 b4 25. c4 a4 26. b3 axb3+ 27. axb3 Ra8 28. c5 Ra2+ 29. Kd3 Bc3 30. Re2 Ra1 31. Kc4 f6 32. f4 Rc1 33. Kb5 h5 34. c6 1-0

[Event "Florianopolis op 10th"]
[Site "Florianopolis"]
[Date "2024.01.21"]
[Round "2"]
[White "Souza dos Santos, Matheus Garcett"]
[Black "De Oliveira, Matheus Tavares"]
[Result "1-0"]
[WhiteElo "2024"]
[BlackElo "1612"]
[PlyCount "91"]
[EventDate "2024.01.20"]
[EventType "swiss"]
[EventRounds "10"]
[EventCountry "BRA"]
[SourceTitle "CB05_2024"]
[SourceDate "2024.01.31"]
[SourceVersion "1"]
[SourceVersionDate "2024.01.31"]
[SourceQuality "1"]

1. e4 e5 2. Nf3 Nf6 3. Nxe5 d6 4. Nf3 Nxe4 5. Nc3 Nxc3 6. dxc3 Be7 7. Be3 Nc6 8. Bd3 Be6 9. Qd2 Qd7 10. 0-0-0 h6 11. Kb1 0-0-0 12. Bb5 a6 13. Ba4 Bg4 14. Rde1 Bxf3 15. gxf3 Bf6 16. Qd5 Rhe8 17. f4 Re7 18. Rd1 Rde8 19. c4 Re4 20. c3 Kb8 21. Bc2 R4e7 22. c5 Rxe3 23. fxe3 Rxe3 24. cxd6 cxd6 25. Bf5 Qe7 26. Qxd6+ Qxd6 27. Rxd6 Ne7 28. Bc2 Rf3 29. Rd7 Rxf4 30. Bb3 Ng6 31. Bd5 b5 32. Rxf7 Ne7 33. Re1 g5 34. Rexe7 Bxe7 35. Rxe7 Rf1+ 36. Kc2 Rf2+ 37. Kb3 Rxh2 38. Rb7+ Kc8 39. Rg7 Kb8 40. Kb4 Rxb2+ 41. Kc5 Rf2 42. Kb6 Rf6+ 43. Bc6 Rf8 44. Kxa6 g4 45. Kb6 h5 46. Ra7 1-0

[Event "Florianopolis op-A"]
[Site "Florianopolis"]
[Date "2023.09.22"]
[Round "1"]
[White "Umetsubo, Cesar Hidemitsu"]
[Black "Souza dos Santos, Matheus Garcett"]
[Result "1-0"]
[WhiteElo "2347"]
[BlackElo "2036"]
[PlyCount "33"]
[EventDate "2023.09.22"]
[EventType "swiss"]
[EventRounds "6"]
[EventCountry "BRA"]
[SourceTitle "EXT 2024"]
[Source "ChessBase"]
[SourceDate "2023.10.10"]
[SourceVersion "1"]
[SourceVersionDate "2023.10.10"]
[SourceQuality "1"]

1. d4 Nf6 2. Nf3 g6 3. c4 Bg7 4. Nc3 d6 5. Bf4 Bf5 6. e3 Ne4 7. Nxe4 Bxe4 8. Bd3 Bxd3 9. Qxd3 0-0 10. h4 Qe8 11. h5 e5 12. dxe5 dxe5 13. hxg6 hxg6 14. Bh6 e4 15. Bxg7 exd3 16. Bf6 d2+ 17. Nxd2 1-0

[Event "Florianopolis op 9th"]
[Site "Florianopolis"]
[Date "2023.01.28"]
[Round "9"]
[White "Souza dos Santos, Matheus Garcett"]
[Black "Da Silva, Lucas Pereira Mende"]
[Result "1-0"]
[WhiteElo "2041"]
[BlackElo "1838"]
[PlyCount "79"]
[EventDate "2023.01.23"]
[EventType "swiss"]
[EventRounds "10"]
[EventCountry "BRA"]
[SourceTitle "CBM 212 Extra"]
[Source "ChessBase"]
[SourceDate "2023.03.31"]
[SourceVersion "1"]
[SourceVersionDate "2023.03.31"]
[SourceQuality "1"]

1. e4 d6 2. d4 Nf6 3. Nc3 g6 4. f4 Bg7 5. Nf3 0-0 6. e5 Ng4 7. Ng5 dxe5 8. fxe5 Nc6 9. Nf3 f6 10. Bc4+ e6 11. h3 Nh6 12. exf6 Qxf6 13. Bg5 Qf5 14. 0-0 Nxd4 15. Be7 Nxf3+ 16. Rxf3 Qe5 17. Bxf8 Bxf8 18. Qe2 Qxe2 19. Nxe2 Bd7 20. Rd1 Bd6 21. Nf4 Re8 22. Re1 Nf5 23. c3 Kh8 24. b4 e5 25. Nd5 Kg7 26. Ne3 e4 27. Rff1 Re7 28. Nd5 Re5 29. a3 Be6 30. Rd1 Bxd5 31. Rxd5 Rxd5 32. Bxd5 Ne3 33. Rf7+ Kg8 34. Bb3 Kh8 35. g4 g5 36. Kf2 Bf4 37. Re7 c6 38. Rxe4 Nd5 39. Bxd5 cxd5 40. Rxf4 1-0

[Event "Florianopolis op 9th"]
[Site "Florianopolis"]
[Date "2023.01.27"]
[Round "7"]
[White "Souza dos Santos, Matheus Garcett"]
[Black "Do Valle Cardoso, Lucas"]
[Result "0-1"]
[WhiteElo "2041"]
[BlackElo "2206"]
[PlyCount "68"]
[EventDate "2023.01.23"]
[EventType "swiss"]
[EventRounds "10"]
[EventCountry "BRA"]
[SourceTitle "CBM 212 Extra"]
[Source "ChessBase"]
[SourceDate "2023.03.31"]
[SourceVersion "1"]
[SourceVersionDate "2023.03.31"]
[SourceQuality "1"]

1. e4 c5 2. Nf3 d6 3. d4 cxd4 4. Nxd4 Nf6 5. Nc3 a6 6. Bg5 e6 7. f4 Be7 8. Qf3 Qc7 9. 0-0-0 Nbd7 10. g4 b5 11. Bxf6 Nxf6 12. g5 Nd7 13. f5 0-0 14. g6 hxg6 15. fxe6 fxe6 16. Nxe6 Rxf3 17. Nxc7 Ra7 18. N7d5 Bd8 19. Be2 Rf8 20. Nb4 Ne5 21. Rxd6 Be7 22. Rd5 Bxb4 23. Rxe5 Bd6 24. Rd5 Bf4+ 25. Kb1 Be6 26. Rdd1 Be5 27. Nd5 Rf2 28. Bd3 Bxh2 29. Rdf1 Rxf1+ 30. Rxf1 g5 31. c4 g4 32. cxb5 axb5 33. Bxb5 Bxd5 34. exd5 g3 0-1

[Event "Cuiaba Contaud op"]
[Site "Cuiaba"]
[Date "2022.10.26"]
[Round "3"]
[White "Franco Filho, Sinvaldo Barreiros"]
[Black "Souza dos Santos, Matheus Garcett"]
[Result "0-1"]
[WhiteElo "1648"]
[BlackElo "1990"]
[PlyCount "71"]
[EventDate "2022.10.25"]
[EventType "swiss"]
[EventRounds "9"]
[EventCountry "BRA"]
[SourceTitle "EXT 2024"]
[Source "ChessBase"]
[SourceDate "2023.10.10"]
[SourceVersion "1"]
[SourceVersionDate "2023.10.10"]
[SourceQuality "1"]

1. e4 e5 2. Nf3 Nc6 3. Bb5 a6 4. Ba4 Nf6 5. Qe2 d6 6. h3 b5 7. Bb3 Na5 8. c3 Nxb3 9. axb3 Be6 10. b4 Be7 11. 0-0 0-0 12. Rd1 Bb3 13. Re1 Nh5 14. d3 f5 15. exf5 Rxf5 16. g4 Nf4 17. Bxf4 Rxf4 18. Nbd2 Bd5 19. d4 Qf8 20. Kg2 e4 21. Nh2 Bh4 22. Rf1 Bxf2 23. Rxf2 e3+ 24. Ndf3 exf2 25. Kg3 Re4 26. Qd2 Rae8 27. Qg5 c6 28. Rf1 h6 29. Qf5 Qxf5 30. gxf5 Rf8 31. Nh4 g5 32. Ng6 Rxf5 33. h4 gxh4+ 34. Nxh4 Rg5+ 35. Kxf2 Rh5 36. N2f3 0-1

[Event "Niteroi op 2nd"]
[Site "Niteroi"]
[Date "2022.09.02"]
[Round "3"]
[White "Souza dos Santos, Matheus Garcett"]
[Black "Fernandes, Joao Manoel Strauss"]
[Result "1/2-1/2"]
[WhiteElo "1988"]
[BlackElo "1688"]
[PlyCount "68"]
[EventDate "2022.09.01"]
[EventType "swiss"]
[EventRounds "9"]
[EventCountry "BRA"]
[SourceTitle "CBM 210 Extra"]
[Source "ChessBase"]
[SourceDate "2022.11.30"]
[SourceVersion "1"]
[SourceVersionDate "2022.11.30"]
[SourceQuality "1"]

1. e4 e5 2. Nf3 Nc6 3. Bb5 a6 4. Ba4 Nf6 5. 0-0 b5 6. Bb3 Be7 7. Re1 0-0 8. h3 d6 9. c3 Na5 10. Bc2 c5 11. d4 Qc7 12. Nbd2 Rd8 13. Nf1 cxd4 14. cxd4 exd4 15. Nxd4 d5 16. e5 Ne4 17. f3 Bc5 18. fxe4 dxe4 19. Rxe4 Bb7 20. Be3 Nc6 21. Rh4 g6 22. Bb3 Nxd4 23. Rc1 Nf5 24. Rxc5 Qxc5 25. Bxc5 Rxd1 26. Rf4 Rc1 27. Bb4 Bc8 28. g4 Nh6 29. Bd2 Rc7 30. Rd4 Kg7 31. e6 Bxe6 32. Bc3 Kg8 33. Bd1 Rc4 34. Rd6 b4 1/2-1/2

[Event "Florianopolis Winter op 6th"]
[Site "Florianopolis"]
[Date "2022.07.15"]
[Round "5"]
[White "Souza dos Santos, Matheus Garcett"]
[Black "Cezar, Ricardo de Almeida"]
[Result "1-0"]
[WhiteElo "1984"]
[BlackElo "1781"]
[PlyCount "71"]
[EventDate "2022.07.13"]
[EventType "swiss"]
[EventRounds "9"]
[EventCountry "BRA"]
[SourceTitle "CBM 209 Extra"]
[Source "ChessBase"]
[SourceDate "2022.09.30"]
[SourceVersion "1"]
[SourceVersionDate "2022.09.30"]
[SourceQuality "1"]

1. e4 c6 2. d4 d5 3. e5 Bf5 4. h4 h5 5. Bd3 Bxd3 6. Qxd3 Qa5+ 7. Nd2 Qa6 8. c4 e6 9. Ne2 Ne7 10. b3 c5 11. 0-0 Nbc6 12. Nf3 Nf5 13. Bg5 dxc4 14. bxc4 Nfxd4 15. Nexd4 cxd4 16. Nxd4 Nxe5 17. Qe4 Nxc4 18. Nxe6 fxe6 19. Qg6+ Kd7 20. Qf7+ Kc6 21. Qxe6+ Bd6 22. Rac1 b5 23. Rfd1 Kb7 24. Qd7+ Bc7 25. Rxc4 bxc4 26. Rb1+ Qb6 27. Qd5+ Kb8 28. Rxb6+ axb6 29. Qxc4 Re8 30. Be3 Re7 31. g3 Ka7 32. Bg5 Re1+ 33. Kg2 Be5 34. Qa4+ Kb7 35. Qd7+ Ka6 36. Qd2 1-0

[Event "Florianopolis Winter op 6th"]
[Site "Florianopolis"]
[Date "2022.07.14"]
[Round "4"]
[White "Dos Santos, Luiz A Godoy M"]
[Black "Souza dos Santos, Matheus Garcett"]
[Result "0-1"]
[WhiteElo "1481"]
[BlackElo "1984"]
[PlyCount "70"]
[EventDate "2022.07.13"]
[EventType "swiss"]
[EventRounds "9"]
[EventCountry "BRA"]
[SourceTitle "CBM 209 Extra"]
[Source "ChessBase"]
[SourceDate "2022.09.30"]
[SourceVersion "1"]
[SourceVersionDate "2022.09.30"]
[SourceQuality "1"]

1. e4 e5 2. Nf3 Nc6 3. Bc4 Nf6 4. d3 Be7 5. c3 d6 6. Nbd2 0-0 7. 0-0 a6 8. Bb3 b5 9. Re1 Na5 10. Bc2 c5 11. Nf1 Re8 12. Ng3 g6 13. a3 Bf8 14. b4 Nc6 15. a4 Rb8 16. Bb2 cxb4 17. d4 bxc3 18. Bxc3 b4 19. dxe5 bxc3 20. exf6 Qxf6 21. Bb3 Bg4 22. Re3 Bh6 23. Rd3 Bd2 24. Qc2 Nb4 25. Rxd6 Qxd6 26. Qd1 Qf6 27. h3 Bxf3 28. gxf3 Red8 29. Qe2 Nd3 30. Bc2 Nf4 31. Qf1 Rb2 32. Bb1 c2 33. Bxc2 Rxc2 34. Kh2 h5 35. Qg2 Nxg2 0-1

[Event "Florianopolis Winter op 6th"]
[Site "Florianopolis"]
[Date "2022.07.13"]
[Round "2"]
[White "Aranha Filho, Alvaro Zimmermann"]
[Black "Souza dos Santos, Matheus Garcett"]
[Result "1-0"]
[WhiteElo "2200"]
[BlackElo "1984"]
[PlyCount "65"]
[EventDate "2022.07.13"]
[EventType "swiss"]
[EventRounds "9"]
[EventCountry "BRA"]
[SourceTitle "CBM 209 Extra"]
[Source "ChessBase"]
[SourceDate "2022.09.30"]
[SourceVersion "1"]
[SourceVersionDate "2022.09.30"]
[SourceQuality "1"]

1. d4 Nf6 2. Nf3 g6 3. Bg5 Bg7 4. Nbd2 d5 5. e3 0-0 6. Be2 c5 7. c3 cxd4 8. cxd4 Nc6 9. 0-0 Bg4 10. a3 e6 11. Bb5 Qb6 12. Qa4 h6 13. Bh4 Bxf3 14. Nxf3 Ne4 15. Rac1 Rfc8 16. Rc2 a6 17. Bd3 g5 18. Bg3 Nxg3 19. hxg3 Qa5 20. Qb3 b5 21. Rfc1 Na7 22. g4 Rxc2 23. Rxc2 Rc8 24. Rxc8+ Nxc8 25. Qc2 Nd6 26. Qc6 Bf8 27. g3 Qa4 28. Ne5 Qd1+ 29. Kg2 f6 30. Bc2 Qe2 31. Qc7 f5 32. gxf5 exf5 33. Bxf5 1-0

[Event "BRA-ch U2300 Amateurs"]
[Site "Sao Paulo"]
[Date "2022.06.16"]
[Round "1"]
[White "Souza dos Santos, Matheus Garcett"]
[Black "De Freitas, Isabella Ribeiro Co"]
[Result "1/2-1/2"]
[WhiteElo "2031"]
[BlackElo "1868"]
[PlyCount "56"]
[EventDate "2022.06.16"]
[EventType "swiss"]
[EventRounds "7"]
[EventCountry "BRA"]
[SourceTitle "CBM 208 Extra"]
[Source "ChessBase"]
[SourceDate "2022.07.31"]
[SourceVersion "1"]
[SourceVersionDate "2022.07.31"]
[SourceQuality "1"]

1. e4 c5 2. Nf3 e6 3. d4 cxd4 4. Nxd4 a6 5. Bd3 Bc5 6. Nb3 Ba7 7. 0-0 Nc6 8. Qg4 Nf6 9. Qxg7 Rg8 10. Qh6 Ne5 11. Bf4 Nxd3 12. cxd3 Rg6 13. Qh3 e5 14. Bg3 d6 15. Qh4 Qe7 16. Nc3 Be6 17. Rac1 Kf8 18. d4 exd4 19. Ne2 h5 20. Qf4 Bxb3 21. axb3 Nxe4 22. Rcd1 d3 23. Rxd3 Nxf2 24. Bxf2 Qxe2 25. Rg3 Rxg3 26. Qxd6+ Ke8 27. hxg3 Rd8 28. Qf6 Rd2 1/2-1/2

[Event "Rio de Janeiro op"]
[Site "Rio de Janeiro"]
[Date "2022.04.22"]
[Round "3"]
[White "Rangel, Daniel"]
[Black "Souza dos Santos, Matheus Garcett"]
[Result "1-0"]
[WhiteElo "2207"]
[BlackElo "2034"]
[PlyCount "89"]
[EventDate "2022.04.21"]
[EventType "swiss"]
[EventRounds "6"]
[EventCountry "BRA"]
[SourceTitle "CBM 207 Extra"]
[Source "ChessBase"]
[SourceDate "2022.05.31"]
[SourceVersion "1"]
[SourceVersionDate "2022.05.31"]
[SourceQuality "1"]

1. d4 Nf6 2. c4 g6 3. Nf3 Bg7 4. Nc3 0-0 5. g3 d6 6. Bg2 Nbd7 7. 0-0 e5 8. e4 c6 9. h3 exd4 10. Nxd4 Re8 11. Re1 Qa5 12. Rb1 Ne5 13. b4 Qc7 14. Bf1 Be6 15. f4 Rad8 16. Nxe6 Rxe6 17. fxe5 Nh5 18. Bg5 Rde8 19. Ne2 Bxe5 20. Nd4 Bxd4+ 21. Qxd4 Nxg3 22. Bg2 f5 23. Bf4 Nxe4 24. Rbd1 Qb6 25. Qxb6 axb6 26. Bxe4 Rxe4 27. Rxe4 Rxe4 28. Bxd6 Rxc4 29. Be7 c5 30. bxc5 bxc5 31. Rb1 b6 32. Rxb6 Rc1+ 33. Kf2 Rc2+ 34. Kg3 Rxa2 35. Bxc5 Kg7 36. Rb7+ Kg8 37. Kf4 Rh2 38. Kg5 Rxh3 39. Kf6 h5 40. Rb8+ Kh7 41. Rb7+ Kg8 42. Kxg6 Rg3+ 43. Kxf5 Rg7 44. Rb1 Kh7 45. Bd4 1-0

[Event "Rio de Janeiro op"]
[Site "Rio de Janeiro"]
[Date "2022.04.21"]
[Round "1"]
[White "Da Costa, Luiz Octavio Alves"]
[Black "Souza dos Santos, Matheus Garcett"]
[Result "0-1"]
[WhiteElo "1800"]
[BlackElo "2034"]
[PlyCount "102"]
[EventDate "2022.04.21"]
[EventType "swiss"]
[EventRounds "6"]
[EventCountry "BRA"]
[SourceTitle "CBM 207 Extra"]
[Source "ChessBase"]
[SourceDate "2022.05.31"]
[SourceVersion "1"]
[SourceVersionDate "2022.05.31"]
[SourceQuality "1"]

1. c4 Nf6 2. Nc3 g6 3. g3 Bg7 4. Bg2 0-0 5. e4 d6 6. Nge2 e5 7. d3 Nc6 8. 0-0 Nd4 9. Nxd4 exd4 10. Ne2 c5 11. b4 Nd7 12. Rb1 cxb4 13. Rxb4 Nc5 14. Nf4 Bd7 15. Rb1 Qa5 16. Qc2 Ba4 17. Qe2 Bc6 18. Rd1 Rfe8 19. Qc2 Ba4 20. Qd2 Qxd2 21. Rxd2 Bh6 22. Rdb2 Bc6 23. Bf1 Na4 24. Rb3 Nc3 25. Ra1 Bg7 26. Bd2 Rab8 27. Ne2 Na4 28. Bf4 Rbd8 29. Rc1 Nc5 30. Ra3 a6 31. Rb1 b5 32. cxb5 Bxb5 33. Nc1 d5 34. exd5 Rxd5 35. Bg2 Re1+ 36. Bf1 Ne6 37. Kg2 Nxf4+ 38. gxf4 Bh6 39. Rab3 Bxf4 40. Ne2 Rxb1 41. Rxb1 Bc6 42. Kg1 Rg5+ 43. Ng3 h5 44. h4 Rg4 45. Bg2 Bb5 46. Ne4 Kg7 47. Nc5 Rxh4 48. Bf3 Bh2+ 49. Kg2 Bd6 50. Ne4 Bxd3 51. Ng3 Bxb1 0-1

[Event "Florianopolis op 8th"]
[Site "Florianopolis"]
[Date "2022.01.26"]
[Round "4"]
[White "Souza dos Santos, Matheus Garcett"]
[Black "Da Rosa, Henrique Jaze Simoe"]
[Result "1-0"]
[WhiteElo "2054"]
[BlackElo "1824"]
[PlyCount "91"]
[EventDate "2022.01.24"]
[EventType "swiss"]
[EventRounds "10"]
[EventCountry "BRA"]
[SourceTitle "CBM 206 Extra"]
[Source "ChessBase"]
[SourceDate "2022.03.31"]
[SourceVersion "1"]
[SourceVersionDate "2022.03.31"]
[SourceQuality "1"]

1. c4 c6 2. e4 d5 3. cxd5 cxd5 4. exd5 Nf6 5. Qa4+ Bd7 6. Qb3 Qc7 7. Nc3 g6 8. Nf3 Bg7 9. Bc4 0-0 10. 0-0 a6 11. a4 Bg4 12. Ng5 Nbd7 13. d6 exd6 14. Bxf7+ Kh8 15. d4 Qb6 16. Be3 h6 17. Nge4 d5 18. Qxb6 Nxb6 19. Nxf6 Bxf6 20. Bxg6 Rg8 21. Bf7 Rg7 22. Bxd5 Nxd5 23. Nxd5 Bf3 24. Nf4 Bxg2 25. Nxg2 Rag8 26. Kh1 Rxg2 27. Rg1 Rxg1+ 28. Rxg1 Rxg1+ 29. Kxg1 Kg7 30. Kg2 Kg6 31. Kf3 Kf5 32. h3 h5 33. b3 b5 34. axb5 axb5 35. Ke2 Ke4 36. f3+ Kd5 37. Kd3 Bh4 38. Bf4 Bf6 39. Be5 Bxe5 40. dxe5 Kxe5 41. Ke3 Kf5 42. f4 b4 43. Kf3 h4 44. Ke3 Kf6 45. Ke4 Ke6 46. f5+ 1-0

[Event "BRA-ch 87th"]
[Site "Cuiaba"]
[Date "2021.11.01"]
[Round "7"]
[White "Sega, Carlos Alberto"]
[Black "Souza dos Santos, Matheus Garcett"]
[Result "1/2-1/2"]
[WhiteElo "2164"]
[BlackElo "1999"]
[PlyCount "44"]
[EventDate "2021.10.28"]
[EventType "swiss"]
[EventRounds "11"]
[EventCountry "BRA"]
[SourceTitle "CBM 205 Extra"]
[Source "ChessBase"]
[SourceDate "2022.01.31"]
[SourceVersion "1"]
[SourceVersionDate "2022.01.31"]
[SourceQuality "1"]

1. c4 g6 2. g3 Bg7 3. Bg2 e5 4. Nc3 Nc6 5. e3 d6 6. Nge2 f5 7. d4 Nf6 8. 0-0 0-0 9. Nd5 e4 10. Nec3 Ne7 11. f3 exf3 12. Rxf3 c6 13. Nxf6+ Bxf6 14. Qd3 d5 15. Bd2 dxc4 16. Qxc4+ Kg7 17. Raf1 Qd6 18. a3 Be6 19. Qe2 Rae8 20. g4 Qd7 21. gxf5 Nxf5 22. Ne4 Bd5 1/2-1/2

[Event "Araruama op 1st"]
[Site "Araruama"]
[Date "2021.06.04"]
[Round "3"]
[White "Souza dos Santos, Matheus Garcett"]
[Black "Do Valle Cardoso, Lucas"]
[Result "1-0"]
[WhiteElo "1977"]
[BlackElo "2301"]
[PlyCount "67"]
[EventDate "2021.06.02"]
[EventType "tourn"]
[EventRounds "6"]
[EventCountry "BRA"]
[SourceTitle "CBM 203 Extra"]
[Source "ChessBase"]
[SourceDate "2021.09.30"]
[SourceVersion "1"]
[SourceVersionDate "2021.09.30"]
[SourceQuality "1"]

1. e4 c6 2. d4 d5 3. e5 Na6 4. h4 Nc7 5. Bd3 h5 6. Ne2 g6 7. c4 dxc4 8. Bxc4 Be6 9. Bd3 Qd7 10. Nbc3 Bf5 11. Bc4 Be6 12. Qb3 0-0-0 13. Be3 Nh6 14. Bxe6 Qxe6 15. Qa3 a6 16. Nf4 Qd7 17. Na4 Kb8 18. Nc5 Qc8 19. Qb3 e6 20. Rc1 Bxc5 21. Rxc5 Nf5 22. Ne2 Ka8 23. a4 Rd5 24. Rc4 Rhd8 25. 0-0 R5d7 26. Rfc1 Nd5 27. Bg5 Re8 28. Nc3 Nxc3 29. bxc3 Rd5 30. Rb1 c5 31. dxc5 Qc6 32. Rb4 Rb8 33. Rb6 Qxc5 34. Rxa6+ 1-0

[Event "Titled Tuesday intern op 30th Mar"]
[Site "Chess.com INT"]
[Date "2021.03.30"]
[Round "10"]
[White "Gvanceladze, Anna"]
[Black "Souza dos Santos, Matheus Garcett"]
[Result "1-0"]
[WhiteElo "2254"]
[BlackElo "1977"]
[PlyCount "67"]
[EventDate "2021.03.30"]
[EventType "swiss (blitz)"]
[EventRounds "11"]
[EventCountry "USA"]
[SourceTitle "CBM 201 Extra"]
[Source "ChessBase"]
[SourceDate "2021.05.31"]
[SourceVersion "1"]
[SourceVersionDate "2021.05.31"]
[SourceQuality "1"]

1. e4 c5 2. Nf3 d6 3. Nc3 Nf6 4. d4 cxd4 5. Nxd4 a6 6. Be3 e6 7. f3 b5 8. Qd2 Bb7 9. 0-0-0 Nbd7 10. Nb3 Rc8 11. g4 Nb6 12. g5 Nfd7 13. a3 Be7 14. h4 d5 15. Kb1 Ne5 16. Bxb6 Qxb6 17. exd5 0-0 18. Qf4 Nc4 19. Bxc4 bxc4 20. d6 cxb3 21. dxe7 bxc2+ 22. Kxc2 Rfe8 23. Rd7 Bd5 24. Qb4 Qf2+ 25. Kb1 Bxf3 26. Rc1 Bc6 27. Ne4 Qf5 28. Rxc6 Rxc6 29. Rd8 Rc8 30. Qd4 Qf1+ 31. Ka2 Qb5 32. Nd6 Qd7 33. Nxc8 Qxe7 34. Nxe7+ 1-0

[Event "Titled Tuesday intern op 30th Mar"]
[Site "Chess.com INT"]
[Date "2021.03.30"]
[Round "1"]
[White "Souza dos Santos, Matheus Garcett"]
[Black "Kusa, Jakub"]
[Result "0-1"]
[WhiteElo "1977"]
[BlackElo "2336"]
[PlyCount "76"]
[EventDate "2021.03.30"]
[EventType "swiss (blitz)"]
[EventRounds "11"]
[EventCountry "USA"]
[SourceTitle "CBM 201 Extra"]
[Source "ChessBase"]
[SourceDate "2021.05.31"]
[SourceVersion "1"]
[SourceVersionDate "2021.05.31"]
[SourceQuality "1"]

1. e4 e5 2. Nf3 Nc6 3. Bb5 a6 4. Ba4 Nf6 5. 0-0 Nxe4 6. d4 b5 7. Bb3 d5 8. dxe5 Be6 9. Qe2 Be7 10. c4 bxc4 11. Bxc4 Nxf2 12. Bb3 Ne4 13. Nbd2 Nxd2 14. Bxd2 0-0 15. Rac1 Qd7 16. Qd3 f6 17. exf6 Bxf6 18. Ba4 Bxb2 19. Bxc6 Qd6 20. Bxa8 Bxc1 21. Rxc1 Rxa8 22. Qc3 Rc8 23. Qe5 Qd7 24. Ng5 Bf7 25. Bc3 Bg6 26. Qe6+ Qxe6 27. Nxe6 c5 28. Be5 Re8 29. Nxg7 Rxe5 30. Rxc5 Kxg7 31. Ra5 Re1+ 32. Kf2 Rd1 33. Rxa6 d4 34. Ra3 d3 35. Ke3 Re1+ 36. Kd2 Re2+ 37. Kd1 Rxg2 38. Rc3 Bh5+ 0-1

[Event "Titled Tuesday intern op 30th Mar"]
[Site "Chess.com INT"]
[Date "2021.03.30"]
[Round "8"]
[White "Souza dos Santos, Matheus Garcett"]
[Black "Lagunow, Raphael"]
[Result "0-1"]
[WhiteElo "1977"]
[BlackElo "2378"]
[PlyCount "46"]
[EventDate "2021.03.30"]
[EventType "swiss (blitz)"]
[EventRounds "11"]
[EventCountry "USA"]
[SourceTitle "CBM 201 Extra"]
[Source "ChessBase"]
[SourceDate "2021.05.31"]
[SourceVersion "1"]
[SourceVersionDate "2021.05.31"]
[SourceQuality "1"]

1. e4 c5 2. Nf3 Nc6 3. d4 cxd4 4. Nxd4 Nf6 5. Nc3 e5 6. Ndb5 d6 7. Nd5 Nxd5 8. exd5 Ne7 9. c4 Ng6 10. Be2 a6 11. Nc3 Be7 12. 0-0 0-0 13. Be3 f5 14. f4 exf4 15. Bxf4 Nxf4 16. Rxf4 Qb6+ 17. Rf2 Qxb2 18. Rc1 Bf6 19. Na4 Qd4 20. Kf1 Bd7 21. Qb3 b5 22. cxb5 axb5 23. Nc3 Rfc8 0-1